=LDR 00000nam 2200000 4500 =001 INLIS000000000030062 =005 20130612132236 =008 ***********************************Ind** =035 ##$$0010-061300000030062 =041 ##$$a Ind =082 ##$$a 332.11 =090 ##$$a 332.11, Mon m =245 ##$$a Monetary policy report =260 ##$$a [S.a] $b [S.l] =300 ##$$a x, 41 hlm, ilus, 28 cm =650 ##$$a Bank dan Perbankan =850 ##$$a NBPNMAT